[Event "Dubai Police op-A"]
[Site "Dubai"]
[Date "2024.05.10"]
[Round "7"]
[White "Agasarov, Benik"]
[Black "Sathvik, Adiga"]
[Result "1-0"]
[WhiteElo "2358"]
[BlackElo "2398"]
[PlyCount "55"]
[EventDate "2024.05.04"]
[EventType "swiss"]
[EventRounds "9"]
[EventCountry "UAE"]
[SourceTitle "CB20_2024"]
[SourceDate "2024.05.16"]
[SourceVersion "1"]
[SourceVersionDate "2024.05.16"]
[SourceQuality "1"]

1. d4 d5 2. Nf3 Nf6 3. Bf4 c5 4. e3 Nc6 5. Nbd2 Qb6 6. dxc5 Qb4 7. b3 Qxb3 8. Rb1 Qc3 9. Bb5 g6 10. e4 dxe4 11. Be5 Qa5 12. 0-0 exf3 13. Nc4 Qd8 14. Bxc6+ bxc6 15. Qxf3 Bg4 16. Qxc6+ Bd7 17. Qb7 Qc8 18. Nd6+ exd6 19. Bxf6 Qxb7 20. Rb5 Qb6 21. Rxb6 Rg8 22. Rb7 d5 23. Rd1 Bc8 24. c6 d4 25. Rxd4 Be6 26. Rd5 Bxd5 27. c7 Rb8 28. cxb8Q# 1-0

[Event "Dubai Police op-A"]
[Site "Dubai"]
[Date "2024.05.06"]
[Round "3"]
[White "Baranciuc, Alexandr"]
[Black "Sathvik, Adiga"]
[Result "1-0"]
[WhiteElo "2333"]
[BlackElo "2398"]
[PlyCount "95"]
[EventDate "2024.05.04"]
[EventType "swiss"]
[EventRounds "9"]
[EventCountry "UAE"]
[SourceTitle "CB20_2024"]
[SourceDate "2024.05.16"]
[SourceVersion "1"]
[SourceVersionDate "2024.05.16"]
[SourceQuality "1"]

1. e4 e5 2. Nf3 Nc6 3. Bc4 Bc5 4. d3 Nf6 5. Nc3 d6 6. Na4 Bb6 7. a3 h6 8. h3 0-0 9. 0-0 Ne7 10. Nxb6 axb6 11. Re1 Ng6 12. b4 Be6 13. Bxe6 fxe6 14. c3 Nh5 15. Ra2 Qf6 16. Kh2 Nhf4 17. Ng1 Ne7 18. g3 Nfg6 19. d4 exd4 20. cxd4 Nc6 21. Rd2 Nxd4 22. Rxd4 Qxf2+ 23. Kh1 Qxg3 24. Re3 Qe5 25. Rd2 Kh7 26. Rg2 Nf4 27. Rg4 g5 28. h4 gxh4 29. Rxh4 Rf6 30. Rh2 Qb5 31. Rf3 e5 32. Qc2 Qc6 33. Rc3 Qe8 34. Rxc7+ Kh8 35. Bxf4 exf4 36. e5 Rg6 37. Rg2 Rg7 38. Rcxg7 Qh5+ 39. Rh2 Qxh2+ 40. Kxh2 Kxg7 41. exd6 Kf6 42. Nf3 Ke6 43. Qg6+ Kd5 44. d7 Rd8 45. Nd4 Rxd7 46. Qe6+ Kxd4 47. Qxd7+ Ke5 48. Qxb7 1-0

[Event "Dubai Police op-A"]
[Site "Dubai"]
[Date "2024.05.04"]
[Round "1"]
[White "Sargsyan, Shant"]
[Black "Sathvik, Adiga"]
[Result "1-0"]
[WhiteElo "2637"]
[BlackElo "2398"]
[PlyCount "91"]
[EventDate "2024.05.04"]
[EventType "swiss"]
[EventRounds "9"]
[EventCountry "UAE"]
[SourceTitle "CB20_2024"]
[SourceDate "2024.05.16"]
[SourceVersion "1"]
[SourceVersionDate "2024.05.16"]
[SourceQuality "1"]

1. e4 e5 2. Nf3 Nc6 3. Bb5 a6 4. Ba4 Nf6 5. d3 b5 6. Bb3 Bc5 7. c3 d6 8. Bg5 h6 9. Bh4 g5 10. Bg3 0-0 11. 0-0 Bg4 12. Nbd2 Re8 13. Re1 Qd7 14. Nf1 Bb6 15. Qe2 Rad8 16. Ne3 Be6 17. Rad1 Ne7 18. Bc2 Ng6 19. d4 exd4 20. cxd4 Nh5 21. Qd2 Nhf4 22. Nf5 f6 23. Nxh6+ Kh7 24. Nf5 d5 25. Ne3 dxe4 26. Bxe4 Kg7 27. Qc3 Nd5 28. Qc2 Nge7 29. a3 Nxe3 30. fxe3 Nd5 31. h4 g4 32. Nh2 f5 33. Be5+ Kh6 34. Bxd5 Bxd5 35. Qf2 Rg8 36. Nf1 Qf7 37. Ng3 Rdf8 38. Rf1 Be6 39. e4 Bc4 40. Qe3+ Kh7 41. Rxf5 Qe7 42. Rh5+ Kg6 43. Rh6+ Kf7 44. Rh7+ Ke8 45. Rxe7+ Kxe7 46. h5 1-0

[Event "IND-ch U19"]
[Site "Ahmedabad"]
[Date "2023.09.24"]
[Round "7"]
[White "Sathvik, Adiga"]
[Black "Gaikwad, Manas"]
[Result "0-1"]
[WhiteElo "1754"]
[BlackElo "1866"]
[PlyCount "114"]
[EventDate "2023.09.20"]
[EventType "swiss"]
[EventRounds "11"]
[EventCountry "IND"]
[SourceTitle "EXT 2024"]
[Source "ChessBase"]
[SourceDate "2023.10.10"]
[SourceVersion "1"]
[SourceVersionDate "2023.10.10"]
[SourceQuality "1"]

1. e4 c5 2. Nf3 d6 3. d4 cxd4 4. Nxd4 Nf6 5. Nc3 a6 6. Bd3 e5 7. Nde2 Be7 8. 0-0 0-0 9. Ng3 Be6 10. Nd5 Bxd5 11. exd5 g6 12. c4 Nbd7 13. Kh1 a5 14. b3 Ne8 15. Bh6 Ng7 16. Qd2 f5 17. f3 Rf7 18. Ne2 Nh5 19. Be3 f4 20. Bg1 Bg5 21. Qc2 Nc5 22. Bxc5 dxc5 23. Kg1 Bf6 24. Be4 Ng7 25. Rfd1 Ne8 26. Nc3 Nd6 27. a4 Kh8 28. Nb5 b6 29. Nxd6 Qxd6 30. Kf2 Kg7 31. Rh1 Kf8 32. h4 Raa7 33. Rad1 Ke8 34. Ke2 Kd8 35. h5 g5 36. h6 Rae7 37. Bf5 e4 38. Bxe4 Bd4 39. Kd3 Rxe4 40. fxe4 f3 41. g4 f2 42. Qd2 Qg3+ 43. Kc2 Ke8 44. e5 Rf3 45. Qe2 Rxb3 46. Rd3 Rc3+ 47. Rxc3 Qxc3+ 48. Kd1 Qa1+ 49. Kc2 Qxh1 50. e6 f1Q 51. Qxf1 Qxf1 52. d6 Qe2+ 53. Kc1 Qb2+ 54. Kd1 Be3 55. d7+ Ke7 56. Ke1 Qd2+ 57. Kf1 Qf2# 0-1

[Event "IND-ch U19"]
[Site "Ahmedabad"]
[Date "2023.09.22"]
[Round "4"]
[White "Sathvik, Adiga"]
[Black "Lad, Mandar Pradip"]
[Result "1-0"]
[WhiteElo "1754"]
[BlackElo "1959"]
[PlyCount "117"]
[EventDate "2023.09.20"]
[EventType "swiss"]
[EventRounds "11"]
[EventCountry "IND"]
[SourceTitle "EXT 2024"]
[Source "ChessBase"]
[SourceDate "2023.10.10"]
[SourceVersion "1"]
[SourceVersionDate "2023.10.10"]
[SourceQuality "1"]

1. d4 Nf6 2. Nc3 d5 3. Bf4 c5 4. e4 dxe4 5. dxc5 Nbd7 6. Bb5 a6 7. c6 bxc6 8. Bxc6 Ra7 9. Qd4 Rc7 10. Qb6 Rb7 11. Qxd8+ Kxd8 12. Bxb7 Bxb7 13. Nge2 e5 14. Bd2 e3 15. Bxe3 Bxg2 16. Rg1 Bc6 17. 0-0-0 g6 18. Kb1 Kc7 19. f4 Bh6 20. Bc1 Re8 21. fxe5 Bxc1 22. Kxc1 Nxe5 23. Nd4 Nfg4 24. h3 Nf2 25. Rdf1 Ne4 26. Nxe4 Bxe4 27. Rf6 Bb7 28. Rg3 Re7 29. Re3 Kd8 30. Ne6+ fxe6 31. Rxe5 Kd7 32. c4 Kd6 33. Re2 a5 34. b3 Bc8 35. Kc2 Rg7 36. a3 Ke7 37. Rff2 g5 38. b4 axb4 39. axb4 h5 40. b5 g4 41. hxg4 hxg4 42. Re3 Bb7 43. Rg3 e5 44. c5 Bd5 45. Kc3 Ke6 46. Kb4 Bf3 47. c6 e4 48. b6 Rg8 49. Kb5 Rg5+ 50. Ka6 e3 51. Rfxf3 gxf3 52. Rxf3 e2 53. c7 e1Q 54. c8Q+ Kd5 55. Qd7+ Kc4 56. Qd3+ Kc5 57. Qb5+ Kd4 58. Rf4+ Ke3 59. Qe8+ 1-0

[Event "Sivakasi Mahalingam Cup"]
[Site "Sivakasi"]
[Date "2023.07.22"]
[Round "3"]
[White "Raaghav Kabil, M."]
[Black "Sathvik, Adiga"]
[Result "1-0"]
[WhiteElo "1499"]
[BlackElo "1878"]
[PlyCount "107"]
[EventDate "2023.07.21"]
[EventType "swiss"]
[EventRounds "9"]
[EventCountry "IND"]
[SourceTitle "EXT 2024"]
[Source "ChessBase"]
[SourceDate "2023.10.10"]
[SourceVersion "1"]
[SourceVersionDate "2023.10.10"]
[SourceQuality "1"]

1. d4 d5 2. c4 c6 3. cxd5 cxd5 4. Nc3 Nf6 5. Bf4 a6 6. e3 Bf5 7. Bd3 Bxd3 8. Qxd3 e6 9. Nge2 Nc6 10. Rc1 Bd6 11. 0-0 0-0 12. Na4 Rc8 13. Nc5 Bxf4 14. Nxf4 Qe7 15. Qb3 Rc7 16. Rc3 Na5 17. Qb4 Nc4 18. Nfd3 Qd6 19. Rfc1 Ng4 20. g3 h5 21. b3 Nd2 22. Kg2 a5 23. Qb5 b6 24. R3c2 bxc5 25. dxc5 Qd8 26. Rxd2 d4 27. e4 f5 28. Qc4 Rc6 29. Nf4 Qg5 30. Rxd4 Kh7 31. h4 Qh6 32. Rd6 Rxd6 33. cxd6 e5 34. Ne6 Qd2 35. Nxf8+ Kh8 36. Qc5 fxe4 37. Ng6+ Kh7 38. Nxe5 Nxe5 39. Qxe5 Qxc1 40. d7 Qd2 41. Qxe4+ g6 42. Qe7+ Kh6 43. d8Q Qxd8 44. Qxd8 Kg7 45. Qxa5 Kh7 46. Qg5 Kg7 47. b4 Kf7 48. b5 Ke6 49. Qxg6+ Kd7 50. Qc6+ Ke7 51. b6 Kd8 52. Qc7+ Ke8 53. b7 Kf8 54. b8Q# 1-0

[Event "Sivakasi Mahalingam Cup"]
[Site "Sivakasi"]
[Date "2023.07.21"]
[Round "2"]
[White "Sathvik, Adiga"]
[Black "Iniyan, RS."]
[Result "1-0"]
[WhiteElo "1878"]
[BlackElo "1423"]
[PlyCount "145"]
[EventDate "2023.07.21"]
[EventType "swiss"]
[EventRounds "9"]
[EventCountry "IND"]
[SourceTitle "EXT 2024"]
[Source "ChessBase"]
[SourceDate "2023.10.10"]
[SourceVersion "1"]
[SourceVersionDate "2023.10.10"]
[SourceQuality "1"]

1. e4 c5 2. Nf3 d6 3. d4 cxd4 4. Nxd4 Nf6 5. Nc3 a6 6. Be2 e6 7. Be3 Qc7 8. Qd2 Nbd7 9. 0-0 Be7 10. a4 0-0 11. f4 b6 12. Bf3 Bb7 13. Rae1 Rfd8 14. Qe2 Nc5 15. Bc1 d5 16. exd5 Nxd5 17. Nxd5 Bxd5 18. f5 Bf6 19. c3 e5 20. Bxd5 Rxd5 21. Nc2 Nd3 22. Rd1 Nxc1 23. Rxc1 Rad8 24. Rcd1 Bg5 25. Qg4 Qc5+ 26. Kh1 Rxd1 27. Rxd1 Rxd1+ 28. Qxd1 Qf2 29. Qf3 Qxf3 30. gxf3 b5 31. axb5 axb5 32. Nb4 Kf8 33. Kg2 Ke7 34. b3 Kd6 35. Kf2 h5 36. Ke2 h4 37. h3 Bf4 38. Kd3 g6 39. fxg6 fxg6 40. Nc2 Bg3 41. Ne3 Be1 42. Ng4 Ke6 43. Ne3 Kd6 44. Nc2 Bg3 45. Ke4 Bf4 46. Ne3 Bg3 47. c4 bxc4 48. Nxc4+ Ke6 49. b4 Bf2 50. Nxe5 g5 51. Nc4 Bg3 52. b5 Kd7 53. Kf5 Bf4 54. Ne5+ Kd6 55. Nf7+ Kc5 56. Nxg5 Bg3 57. Kg4 Kxb5 58. f4 Kc6 59. Nf3 Kd5 60. Nxh4 Be1 61. f5 Kd6 62. Nf3 Bc3 63. Kg5 Ke7 64. Kg6 Ba1 65. Ng5 Kf8 66. f6 Bxf6 67. Kxf6 Kg8 68. h4 Kh8 69. h5 Kg8 70. h6 Kh8 71. Kg6 Kg8 72. h7+ Kh8 73. Nf7# 1-0

[Event "Bhubaneswar op-A 14th"]
[Site "Bhubaneswar"]
[Date "2023.06.16"]
[Round "8"]
[White "Fedorov, Alexei"]
[Black "Sathvik, Adiga"]
[Result "1-0"]
[WhiteElo "2449"]
[BlackElo "1846"]
[PlyCount "59"]
[EventDate "2023.06.11"]
[EventType "swiss"]
[EventRounds "10"]
[EventCountry "IND"]
[SourceTitle "CBM 214 Extra"]
[Source "ChessBase"]
[SourceDate "2023.07.31"]
[SourceVersion "1"]
[SourceVersionDate "2023.07.31"]
[SourceQuality "1"]

1. e4 e5 2. Nf3 Nc6 3. Bc4 Bc5 4. c3 Nf6 5. d3 d6 6. Bg5 h6 7. Bh4 a6 8. 0-0 Ba7 9. Nbd2 g5 10. Bg3 Bg4 11. b4 Qd7 12. a4 Ne7 13. d4 exd4 14. Qb3 Be6 15. Nxd4 Bxc4 16. Qxc4 Nh5 17. Kh1 0-0 18. f4 Ng6 19. Nf5 gxf4 20. Qe2 Nxg3+ 21. hxg3 fxg3 22. Qh5 Qe6 23. e5 Nxe5 24. Ne4 Rae8 25. Nxh6+ Kg7 26. Nf5+ Kg8 27. Ne7+ Kg7 28. Nf5+ Kg8 29. Qg5+ Ng6 30. Nf6+ 1-0

[Event "Bhubaneswar op-A 14th"]
[Site "Bhubaneswar"]
[Date "2023.06.14"]
[Round "5"]
[White "Sathvik, Adiga"]
[Black "Krishna, C Revanth Gopala"]
[Result "0-1"]
[WhiteElo "1846"]
[BlackElo "2437"]
[PlyCount "104"]
[EventDate "2023.06.11"]
[EventType "swiss"]
[EventRounds "10"]
[EventCountry "IND"]
[SourceTitle "CBM 214 Extra"]
[Source "ChessBase"]
[SourceDate "2023.07.31"]
[SourceVersion "1"]
[SourceVersionDate "2023.07.31"]
[SourceQuality "1"]

1. d4 c5 2. d5 f5 3. Nf3 Nf6 4. c4 d6 5. Nc3 g6 6. g3 Bg7 7. Bg2 0-0 8. 0-0 Na6 9. h3 Nc7 10. Be3 Bd7 11. a4 b6 12. Qd3 a6 13. Ra3 Qe8 14. Rb3 Rb8 15. Ra1 h6 16. h4 Qf7 17. Bd2 Kh8 18. Nh2 e5 19. e4 Qe7 20. Qe2 f4 21. Bf3 Nh7 22. Bg4 Nf6 23. Bf3 h5 24. Rba3 Bh6 25. Re1 Nh7 26. Bg2 Rb7 27. Rb3 Qe8 28. Bf3 b5 29. axb5 axb5 30. cxb5 Nxb5 31. Qd3 c4 32. Qxc4 Rc7 33. Qb4 Nd4 34. Qxd6 Nxb3 35. Qxc7 Nxd2 36. Bg2 fxg3 37. fxg3 Nf6 38. b4 Qb8 39. Qc5 Rc8 40. Qf2 Kg7 41. Nd1 Qxb4 42. Nf3 Nfxe4 43. Qe2 Bb5 44. Nxd2 Bxe2 45. Rxe2 Nxd2 46. d6 Qxd6 47. Kh2 e4 48. Bh3 Nf3+ 49. Kg2 Qxd1 50. Rxe4 Rc2+ 51. Re2 Qxe2+ 52. Kh1 Qh2# 0-1

[Event "Hyderabad Singh Ji Memorial"]
[Site "Hyderabad"]
[Date "2023.01.11"]
[Round "3"]
[White "Daakshin, Arun"]
[Black "Sathvik, Adiga"]
[Result "1/2-1/2"]
[WhiteElo "2038"]
[BlackElo "1563"]
[PlyCount "74"]
[EventDate "2023.01.10"]
[EventType "swiss"]
[EventRounds "9"]
[EventCountry "IND"]
[SourceTitle "CBM 212 Extra"]
[Source "ChessBase"]
[SourceDate "2023.03.31"]
[SourceVersion "1"]
[SourceVersionDate "2023.03.31"]
[SourceQuality "1"]

1. d4 Nf6 2. c4 g6 3. Nc3 Bg7 4. e4 d6 5. Nge2 0-0 6. Ng3 h5 7. Be2 a5 8. f3 a4 9. a3 Bd7 10. Be3 Nc6 11. 0-0 e5 12. d5 Na5 13. Bd3 h4 14. Nge2 Nh5 15. Rb1 f5 16. f4 Qe7 17. Qc2 Rae8 18. Rbe1 exf4 19. Nxf4 Nxf4 20. Bxf4 Nb3 21. Qd1 Qf6 22. Be3 Qd8 23. Bc2 fxe4 24. Nxe4 Rxf1+ 25. Rxf1 Bf5 26. Bg5 Qc8 27. Nf6+ Bxf6 28. Bxf6 Bxc2 29. Qxc2 Qg4 30. h3 Re2 31. hxg4 Rxc2 32. Bc3 Nc1 33. Kh2 Na2 34. Bf6 Rxc4 35. g5 Nc1 36. Re1 Nd3 37. Re8+ Kf7 1/2-1/2

[Event "IND-ch U15 47th"]
[Site "New Delhi"]
[Date "2022.12.03"]
[Round "9"]
[White "Shyam Ganesh, R1111"]
[Black "Sathvik, Adiga"]
[Result "0-1"]
[WhiteElo "1477"]
[BlackElo "1648"]
[PlyCount "106"]
[EventDate "2022.11.28"]
[EventType "swiss"]
[EventRounds "11"]
[EventCountry "IND"]
[SourceTitle "CBM 211 Extra"]
[Source "ChessBase"]
[SourceDate "2023.01.31"]
[SourceVersion "1"]
[SourceVersionDate "2023.01.31"]
[SourceQuality "1"]

1. e4 e5 2. Bc4 Nf6 3. d4 Nxe4 4. dxe5 Nc5 5. Be3 Ne6 6. Nf3 Nc6 7. Nc3 d6 8. exd6 Bxd6 9. Qd2 a6 10. 0-0 0-0 11. Rad1 b5 12. Bd5 Bb7 13. Ne4 Be7 14. Bxe6 fxe6 15. Qd7 Qxd7 16. Rd3 Qd6 17. Rxd6 Rac8 18. Rd7 Rfd8 19. Bc5 Rxd7 20. Rd1 Rd5 21. Rxd5 Rd8 22. Rxd8+ Bxd8 23. Kf1 Nb8 24. Nfd2 Nd7 25. Be3 Be7 26. f3 c5 27. c4 h6 28. b3 Kf7 29. Bf4 Nf6 30. Nd6+ Bxd6 31. Bxd6 Nd7 32. Bg3 e5 33. Ke2 Ke6 34. Kd3 Nf6 35. Bf2 Kd6 36. a3 Bc6 37. b4 cxb4 38. c5+ Kd7 39. axb4 Nd5 40. Ne4 Nxb4+ 41. Kc3 a5 42. Nd6 Nd5+ 43. Kb2 Nf4 44. Bg3 Ke6 45. Kc2 Nxg2 46. Nc8 Nf4 47. Be1 b4 48. Nb6 Bxf3 49. Nc4 Be4+ 50. Kd1 Nd3 51. Bd2 Nxc5 52. Nxa5 b3 53. Bc3 Na4 0-1

[Event "IND-ch U12"]
[Site "Srinivasapura"]
[Date "2022.04.12"]
[Round "8"]
[White "Raihaan, Zahid"]
[Black "Sathvik, Adiga"]
[Result "0-1"]
[WhiteElo "1517"]
[BlackElo "1563"]
[PlyCount "120"]
[EventDate "2022.04.09"]
[EventType "swiss"]
[EventRounds "11"]
[EventCountry "IND"]
[SourceTitle "EXT 2023"]
[Source "ChessBase"]
[SourceDate "2022.10.05"]
[SourceVersion "1"]
[SourceVersionDate "2022.10.05"]
[SourceQuality "1"]

1. e4 e5 2. Nf3 Nc6 3. Bb5 a6 4. Ba4 Nf6 5. 0-0 Be7 6. Re1 b5 7. Bb3 d6 8. c3 0-0 9. h3 Nb8 10. d4 Nbd7 11. Nbd2 Bb7 12. Bc2 Re8 13. Nf1 Bf8 14. Ng3 g6 15. d5 c6 16. dxc6 Bxc6 17. Nh2 d5 18. exd5 Nxd5 19. Nf3 Bg7 20. Bg5 f6 21. Be3 Nxe3 22. fxe3 Nc5 23. Qe2 Qc7 24. e4 Rad8 25. Nh2 Qb7 26. Rf1 Kh8 27. Ng4 Rd6 28. Rad1 Rd5 29. Rd3 Rxd3 30. Re1 Rd1 31. Rxd1 Ne6 32. Bb3 Nf4 33. Qe3 Qc7 34. Qc5 Bf8 35. Qe3 Rd8 36. Rxd8 Qxd8 37. Qa7 Qd2 38. Ne3 Qd7 39. Qxa6 Bc5 40. Ngf1 Kg7 41. Kh2 Bxe4 42. Ng4 Bc6 43. c4 Qb7 44. Qxb7+ Bxb7 45. cxb5 Bxg2 46. Nge3 Bb7 47. a4 f5 48. a5 Kf6 49. Bc4 e4 50. b6 Bc6 51. Nc2 Nd3 52. Nfe3 Nxb2 53. Bd5 Bb5 54. Bb7 Ke5 55. Nd5 Nc4 56. Nc7 Nxa5 57. Bc8 Bc6 58. b7 Bxb7 59. Ne6 Bxc8 60. Nxc5 Nc4 0-1

[Event "FIDE Youth Super Final U10"]
[Site "Tornelo INT"]
[Date "2021.12.22"]
[Round "10"]
[White "Dau, Khuong Duy"]
[Black "Sathvik, Adiga"]
[Result "1/2-1/2"]
[WhiteElo "1754"]
[BlackElo "1374"]
[PlyCount "134"]
[EventDate "2021.12.18"]
[EventType "tourn (rapid)"]
[EventRounds "10"]
[EventCountry "NET"]
[SourceTitle "EXT 2023"]
[Source "ChessBase"]
[SourceDate "2022.10.05"]
[SourceVersion "1"]
[SourceVersionDate "2022.10.05"]
[SourceQuality "1"]

1. e4 e5 2. Nf3 Nc6 3. Bb5 a6 4. Ba4 Nf6 5. 0-0 Be7 6. Re1 b5 7. Bb3 0-0 8. c3 d6 9. d3 Na5 10. Bc2 c5 11. Nbd2 Re8 12. Nf1 Bf8 13. Ng3 g6 14. a4 Bb7 15. h4 Nc6 16. h5 d5 17. Bg5 Be7 18. axb5 axb5 19. Rxa8 Bxa8 20. Qc1 d4 21. Bb3 Bb7 22. hxg6 hxg6 23. Nh4 c4 24. dxc4 Na5 25. Ba2 Nxc4 26. cxd4 Qxd4 27. Nhf5 gxf5 28. Nxf5 Qxb2 29. Qxb2 Nxb2 30. Nxe7+ Rxe7 31. Bxf6 Rd7 32. Rb1 Nd3 33. Rxb5 Bxe4 34. Bb1 Nc5 35. Rxc5 Bxb1 36. Bxe5 f5 37. Kh2 Kf7 38. Kg3 Be4 39. f3 Bd5 40. Kf4 Be6 41. Bc3 Rd8 42. Ra5 Rd3 43. Be5 Rd8 44. Ra1 Rd2 45. g3 Rd7 46. Rh1 Kg6 47. Rc1 Kf7 48. Kg5 Rd3 49. Bf4 Rd8 50. Rc7+ Rd7 51. Rc3 Rd8 52. Be5 Rg8+ 53. Kh5 Rd8 54. Re3 Rd7 55. g4 fxg4 56. fxg4 Rd1 57. Rf3+ Ke7 58. Bf6+ Ke8 59. g5 Bf7+ 60. Kh6 Kf8 61. Rh3 Be6 62. Rh4 Bd5 63. Be5 Re1 64. Rf4+ Kg8 65. Bg7 Bf7 66. Rh4 Re2 67. Bf6 Rf2 1/2-1/2

[Event "FIDE Youth Super Final U10"]
[Site "Tornelo INT"]
[Date "2021.12.22"]
[Round "9"]
[White "Sathvik, Adiga"]
[Black "Dau, Khuong Duy"]
[Result "1-0"]
[WhiteElo "1374"]
[BlackElo "1754"]
[PlyCount "187"]
[EventDate "2021.12.18"]
[EventType "tourn (rapid)"]
[EventRounds "10"]
[EventCountry "NET"]
[SourceTitle "EXT 2023"]
[Source "ChessBase"]
[SourceDate "2022.10.05"]
[SourceVersion "1"]
[SourceVersionDate "2022.10.05"]
[SourceQuality "1"]

1. e4 c5 2. Nf3 d6 3. Bb5+ Nd7 4. 0-0 a6 5. Bd3 Ngf6 6. Re1 b5 7. c4 b4 8. Bc2 e5 9. d3 Be7 10. a3 0-0 11. axb4 cxb4 12. h3 Bb7 13. Be3 Rc8 14. Nbd2 Qc7 15. d4 a5 16. Rc1 Rfd8 17. Qe2 Bf8 18. Bg5 Re8 19. Ba4 Be7 20. c5 dxc5 21. Nxe5 Nxe5 22. Bxe8 Rxe8 23. dxe5 Qxe5 24. Bxf6 Qxf6 25. Qb5 Bc6 26. Qb6 Bf8 27. Nb3 Bd6 28. Nxc5 h6 29. Qxa5 Qe5 30. g3 Rb8 31. Nb3 Bb5 32. Qa7 Rf8 33. Kg2 Qxb2 34. Qd4 Qxb3 35. Qxd6 Bd3 36. Re3 Qb2 37. Qc5 Ba6 38. Qc2 Qd4 39. Rd1 Qb6 40. Rb3 Rc8 41. Qd2 Rb8 42. Rdb1 Rd8 43. Qxb4 Qe6 44. Re3 Bc8 45. g4 Re8 46. Rd1 h5 47. Qd6 Qc4 48. Rd4 Qc1 49. gxh5 Be6 50. Rg3 Qh6 51. Qc5 Rc8 52. Qg5 Kh7 53. Qxh6+ Kxh6 54. h4 Rc5 55. Rg5 Rc2 56. Rd8 Kh7 57. h6 g6 58. h5 Kxh6 59. Rg3 g5 60. Rh8+ Kg7 61. Rb8 Kh6 62. Rb5 g4 63. Re3 Rd2 64. Kg3 Rd1 65. f3 gxf3 66. Kxf3 Rh1 67. Kf4 Rh4+ 68. Kg3 Rh3+ 69. Kf2 Rh2+ 70. Ke1 Rh1+ 71. Kd2 Rh4 72. Kc3 Kh7 73. Kd4 Rh1 74. Rg3 Rd1+ 75. Ke5 Rh1 76. Kf6 Rf1+ 77. Ke7 Re1 78. Re5 Ra1 79. Reg5 Ra7+ 80. Kf6 Ra8 81. Rg7+ Kh8 82. h6 Bc4 83. e5 Ra6+ 84. Kf5 Be6+ 85. Kg5 Ra4 86. Kh5 Ra8 87. h7 f6 88. exf6 Bf7+ 89. Kh6 Bd5 90. Rg8+ Bxg8 91. Rxg8+ Rxg8 92. hxg8Q+ Kxg8 93. Kg6 Kh8 94. Kf7 1-0

[Event "FIDE Youth Super Final U10"]
[Site "Tornelo INT"]
[Date "2021.12.19"]
[Round "4"]
[White "Vaz, Ethan"]
[Black "Sathvik, Adiga"]
[Result "1-0"]
[WhiteElo "1384"]
[BlackElo "1374"]
[PlyCount "103"]
[EventDate "2021.12.18"]
[EventType "tourn (rapid)"]
[EventRounds "10"]
[EventCountry "NET"]
[SourceTitle "EXT 2023"]
[Source "ChessBase"]
[SourceDate "2022.10.05"]
[SourceVersion "1"]
[SourceVersionDate "2022.10.05"]
[SourceQuality "1"]

1. e4 e5 2. Nf3 Nc6 3. Bb5 a6 4. Ba4 Nf6 5. 0-0 Be7 6. Re1 b5 7. Bb3 0-0 8. h3 d6 9. c3 Nb8 10. d4 Nbd7 11. Nbd2 Bb7 12. Bc2 Re8 13. Nf1 Bf8 14. Ng3 g6 15. a4 c5 16. d5 c4 17. Bg5 Be7 18. Be3 Qc7 19. Nh2 h5 20. Qe2 Nc5 21. f3 Bf8 22. Qf1 Nfd7 23. Nh1 Be7 24. Qe2 Nb6 25. axb5 axb5 26. g4 hxg4 27. fxg4 Kg7 28. Qf3 Rxa1 29. Rxa1 Ra8 30. Rf1 Bd8 31. Ng3 Ra2 32. Nh5+ gxh5 33. gxh5 f6 34. h6+ Kf8 35. Ng4 Qf7 36. Qf5 Bc8 37. h7 Bxf5 38. h8Q+ Qg8 39. Qxg8+ Kxg8 40. Nh6+ Kf8 41. Nxf5 Rxb2 42. Rf2 Nca4 43. h4 Nxc3 44. Rg2 b4 45. h5 b3 46. h6 Ne2+ 47. Kh2 Nf4 48. h7 Ng6 49. Rxg6 Rxc2+ 50. Kh3 b2 51. h8Q+ Kf7 52. Rg7# 1-0

[Event "FIDE Youth Super Final U10"]
[Site "Tornelo INT"]
[Date "2021.12.18"]
[Round "1"]
[White "Schnaider, Ilan"]
[Black "Sathvik, Adiga"]
[Result "1-0"]
[WhiteElo "2106"]
[BlackElo "1374"]
[PlyCount "109"]
[EventDate "2021.12.18"]
[EventType "tourn (rapid)"]
[EventRounds "10"]
[EventCountry "NET"]
[SourceTitle "EXT 2023"]
[Source "ChessBase"]
[SourceDate "2022.10.05"]
[SourceVersion "1"]
[SourceVersionDate "2022.10.05"]
[SourceQuality "1"]

1. e4 e5 2. Nf3 Nc6 3. d4 exd4 4. Nxd4 Nf6 5. Nxc6 bxc6 6. e5 Qe7 7. Qe2 Nd5 8. g3 a5 9. b3 a4 10. c4 Nb6 11. Ba3 c5 12. Bg2 Ra6 13. 0-0 g6 14. Nc3 Bg7 15. Nb5 d6 16. Nxc7+ Kf8 17. Nxa6 Bxa6 18. Rad1 Bxe5 19. Bb2 Nd7 20. Bxe5 Nxe5 21. f4 Nd7 22. Qxe7+ Kxe7 23. Rfe1+ Kd8 24. Rxd6 Bc8 25. Red1 Kc7 26. bxa4 Nb8 27. a5 Re8 28. Kf2 Na6 29. Rc6+ Kb8 30. Rb1+ Ka7 31. a3 Rd8 32. Rxc8 Rxc8 33. Rb7+ Ka8 34. Rxf7+ Kb8 35. Rb7+ Ka8 36. Rxh7+ Kb8 37. Rb7+ Ka8 38. Rc7+ Kb8 39. Rxc8+ Kxc8 40. Be4 Kd7 41. Bxg6 Ke6 42. h4 Kf6 43. h5 Kg7 44. g4 Kh6 45. g5+ Kg7 46. f5 Nc7 47. a6 Nxa6 48. h6+ Kg8 49. f6 Nc7 50. f7+ Kf8 51. h7 Kg7 52. h8Q+ Kxg6 53. f8Q Kxg5 54. Qhh6+ Kg4 55. Qff4# 1-0